|
|
|
|
| LEADER |
00000caa a2200000 c 4500 |
| 001 |
1554823463 |
| 003 |
DE-627 |
| 005 |
20180731081839.0 |
| 007 |
cr uuu---uuuuu |
| 008 |
170306s2016 xx |||||o 00| ||eng c |
| 035 |
|
|
|a (DE-627)1554823463
|
| 035 |
|
|
|a (DE-576)484823469
|
| 035 |
|
|
|a (DE-599)BSZ484823469
|
| 040 |
|
|
|a DE-627
|b ger
|c DE-627
|e rda
|
| 041 |
|
|
|a eng
|
| 100 |
1 |
|
|a Estrada, Felipe
|e VerfasserIn
|0 (DE-588)106824125X
|0 (DE-627)819827665
|0 (DE-576)175470022
|4 aut
|
| 109 |
|
|
|a Estrada, Felipe
|
| 245 |
1 |
4 |
|a The darker side of equality
|b the declining gender gap in crime: historical trends and an enhanced analysis of staggered birth cohorts
|c Felipe Estrada; Olof Bäckman; Anders Nilsson
|
| 264 |
|
1 |
|c 2016
|
| 336 |
|
|
|a Text
|b txt
|2 rdacontent
|
| 337 |
|
|
|a Computermedien
|b c
|2 rdamedia
|
| 338 |
|
|
|a Online-Ressource
|b cr
|2 rdacarrier
|
| 700 |
1 |
|
|a Bäckman, Olof
|e VerfasserIn
|4 aut
|
| 700 |
1 |
|
|a Nilsson, Anders
|e VerfasserIn
|4 aut
|
| 773 |
0 |
8 |
|i Enthalten in
|t The British journal of criminology
|d Oxford : Oxford Univ. Press, 1960
|g 56(2016), 6, Seite 1272-1290
|h Online-Ressource
|w (DE-627)271175559
|w (DE-600)1478955-3
|w (DE-576)079718906
|x 1464-3529
|7 nnas
|
| 773 |
1 |
8 |
|g volume:56
|g year:2016
|g number:6
|g pages:1272-1290
|
| 856 |
4 |
0 |
|u https://dx.doi.org/10.1093/bjc/azv114
|x Resolving-System
|3 Volltext
|7 1
|
| 951 |
|
|
|a AR
|
| ELC |
|
|
|a 1
|
| LOK |
|
|
|0 000 xxxxxcx a22 zn 4500
|
| LOK |
|
|
|0 001 2957505096
|
| LOK |
|
|
|0 003 DE-627
|
| LOK |
|
|
|0 004 1554823463
|
| LOK |
|
|
|0 005 20170306141245
|
| LOK |
|
|
|0 008 170306||||||||||||||||ger|||||||
|
| LOK |
|
|
|0 040
|a DE-21-110
|c DE-627
|d DE-21-110
|
| LOK |
|
|
|0 689
|a s
|a Crime trends
|
| LOK |
|
|
|0 689
|a s
|a Crime drop
|
| LOK |
|
|
|0 689
|a s
|a Gender gap
|
| LOK |
|
|
|0 689
|a s
|a Net-widening
|
| LOK |
|
|
|0 689
|a s
|a Inequality
|
| LOK |
|
|
|0 689
|a g
|a Sweden
|
| LOK |
|
|
|0 852
|a DE-21-110
|
| LOK |
|
|
|0 852 1
|9 00
|
| LOK |
|
|
|0 939
|a 06-03-17
|b l01
|
| ORI |
|
|
|a SA-MARC-krimdoka001.raw
|